Online katalóg knižníc regiónu Turca

Povedz mi ako? (Record no. 21873)

MARC details
000 -LEADER
fixed length control field 01887cam a2200541 a 4500
001 - CONTROL NUMBER
control field 21873
003 - CONTROL NUMBER IDENTIFIER
control field VRT
005 - DATE AND TIME OF LATEST TRANSACTION
control field 20260313140855.0
008 - FIXED-LENGTH DATA ELEMENTS--GENERAL INFORMATION
fixed length control field 240318s2014 xo a a 001 0 slo
015 ## - NATIONAL BIBLIOGRAPHY NUMBER
National bibliography number SNBA2014/07
020 ## - INTERNATIONAL STANDARD BOOK NUMBER
International Standard Book Number 9788055137681
Qualifying information (hrebeňová väzba)
035 ## - SYSTEM CONTROL NUMBER
System control number E15D3534-0B26-4947-BA34-627F5449DB75
035 ## - SYSTEM CONTROL NUMBER
System control number urn:nbn:sk:snk-amk4hf
035 ## - SYSTEM CONTROL NUMBER
System control number urn:nbn:sk:snk-am0057nk
039 #9 - LEVEL OF BIBLIOGRAPHIC CONTROL AND CODING DETAIL [OBSOLETE]
Level of rules in bibliographic description 202403181809
Level of effort used to assign nonsubject heading access points VLOAD
Level of effort used to assign subject headings 201712201425
Level of effort used to assign classification mtotk19
Level of effort used to assign subject headings 201604291235
Level of effort used to assign classification VLOAD
Level of effort used to assign subject headings 201604271615
Level of effort used to assign classification VLOAD
040 ## - CATALOGING SOURCE
Original cataloging agency SVKBB
Language of cataloging slo
Transcribing agency SVKBB
Modifying agency SNK
Description conventions AACR2
041 1# - LANGUAGE CODE
Language code of text/sound track or separate title slo
Language code of original fre
044 ## - COUNTRY OF PUBLISHING/PRODUCING ENTITY CODE
MARC country code xo
ISO country code SK
072 #7 - SUBJECT CATEGORY CODE
Subject category code 00
Subject category code subdivision Veda. Všeobecnosti. Základy vedy a kultúry. Vedecká práca
Source konspekt
072 #7 - SUBJECT CATEGORY CODE
Subject category code 0/9-053.2
Subject category code subdivision Literatúra pre deti a mládež (náučná)
Source konspekt
080 ## - UNIVERSAL DECIMAL CLASSIFICATION NUMBER
Universal Decimal Classification number 0/9
Edition identifier 2001
080 ## - UNIVERSAL DECIMAL CLASSIFICATION NUMBER
Universal Decimal Classification number (0.053.2)
Edition identifier 2001
100 1# - MAIN ENTRY--PERSONAL NAME
Personal name Fougcre, Isabelle
Relationship aut
240 10 - UNIFORM TITLE
Uniform title Dis-moi comment?
Language of a work Slovensky
245 10 - TITLE STATEMENT
Title Povedz mi ako?
Statement of responsibility, etc. Isabelle Fougcrová ; [z francúzskeho originálu ... preložila Alica Wursterová]
250 ## - EDITION STATEMENT
Edition statement 1. vyd.
260 ## - PUBLICATION, DISTRIBUTION, ETC.
Place of publication, distribution, etc. Bratislava
Name of publisher, distributor, etc. Ikar
Date of publication, distribution, etc. 2014
300 ## - PHYSICAL DESCRIPTION
Extent 107 s.
Other physical details ilustr.
Dimensions 21 cm
504 ## - BIBLIOGRAPHY, ETC. NOTE
Bibliography, etc. note Reg.
650 07 - SUBJECT ADDED ENTRY--TOPICAL TERM
Topical term or geographic name entry element všeobecnosti a zaujímavosti
Source of heading or term SNKPH
650 07 - SUBJECT ADDED ENTRY--TOPICAL TERM
Topical term or geographic name entry element všeobecné vedomosti
Source of heading or term SNKPH
650 07 - SUBJECT ADDED ENTRY--TOPICAL TERM
Topical term or geographic name entry element Facts and features
Source of heading or term SNKPHeng
650 07 - SUBJECT ADDED ENTRY--TOPICAL TERM
Topical term or geographic name entry element General knowledge
Source of heading or term SNKPHeng
655 #7 - INDEX TERM--GENRE/FORM
Genre/form data or focus term publikácie pre deti
Source of term SNKPH
655 #7 - INDEX TERM--GENRE/FORM
Genre/form data or focus term Children's literature
Source of term SNKPHeng
700 1# - ADDED ENTRY--PERSONAL NAME
Personal name Wursterová, Alica,
Dates associated with a name 1949-
Relationship trl
910 ## - USER-OPTION DATA (OCLC)
User-option data svkbb
910 ## - USER-OPTION DATA (OCLC)
User-option data hevk
910 ## - USER-OPTION DATA (OCLC)
User-option data snk
910 ## - USER-OPTION DATA (OCLC)
User-option data skpk
910 ## - USER-OPTION DATA (OCLC)
User-option data bjkdg
910 ## - USER-OPTION DATA (OCLC)
User-option data totk
942 ## - ADDED ENTRY ELEMENTS (KOHA)
Source of classification or shelving scheme Dewey Decimal Classification
Koha item type Odborná literatúra pre deti
Suppress in OPAC No
949 ## - LOCAL PROCESSING INFORMATION (OCLC)
6 270001000453288
a svkbbA 141448
b svkbbm 744446
949 ## - LOCAL PROCESSING INFORMATION (OCLC)
6 17A1112542
a snkSC 160054
b snk2014/14304
o 1057/14
s 6100:20140925
949 ## - LOCAL PROCESSING INFORMATION (OCLC)
6 17A1112541
a snkSC 160054 D1
b snk2014/14307
o 1057/14
Holdings
Stav vyradenia Strata Poškodenie Spôsob nadobudnutia Domovská knižnica Aktuálna knižnica Dátum nadobudnutia Total checkouts Čiarový kód exemplára Date last seen Typ exemplára
      Dar Obecná knižnica Horná Štubňa Obecná knižnica Horná Štubňa 13.03.2026   9788055137681 13.03.2026 Odborná literatúra pre deti
Projekt je podporený Slovenskou asociáciou knižníc
Prevádzkuje Turčianska knižnica Martin 2026